Call of Duty Games - Statistics

General Stats
  • This quiz has been taken 791 times
    737 since last reset
  • The average score is 9 of 11
Answer Stats
Year Call of Duty Game % Correct
2010 Black Ops
96%
2007 Modern Warfare
96%
2012 Black Ops 2
95%
2009 Modern Warfare 2
93%
2011 Modern Warfare 3
91%
2008 World at War
89%
2014 Advanced Warfare
84%
2013 Ghosts
82%
2005 2
60%
2006 3
60%
2003 1
59%
No matching quizzes found
Score Distribution
Percent of People with Each Score
Percentile by Number Answered
Your Score History
You have not taken this quiz since the last reset